Công nghệ môi trường. t.I, xử lý nước /
Kaydedildi:
| Yazar: | |
|---|---|
| Materyal Türü: | Sách giấy |
| Dil: | Vietnamese |
| Baskı/Yayın Bilgisi: |
H. :
Xây dựng,
2004.
|
| Konular: | |
| Etiketler: |
Etiketle
Etiket eklenmemiş, İlk siz ekleyin!
|
| Thư viện lưu trữ: | Thư viện Trường Đại học Đà Lạt |
|---|
| LEADER | 00846nam a2200337 4500 | ||
|---|---|---|---|
| 001 | DLU060055048 | ||
| 005 | ##20110922 | ||
| 040 | # | # | |a DLU |b vie |
| 041 | # | # | |a vie |
| 044 | # | # | |a vn |
| 082 | # | # | |a 628 |b HO-H |
| 100 | # | # | |a Hoàng Văn Huệ, |c PGS.TS. |
| 245 | # | # | |a Công nghệ môi trường. |n t.I, |p xử lý nước / |c Hoàng Văn Huệ. |
| 260 | # | # | |a H. : |b Xây dựng, |c 2004. |
| 300 | # | # | |a 319 tr. ; |c 27 cm. |
| 504 | # | # | |a Tài liệu tham khảo :tr.315. |
| 650 | # | # | |a Kỹ thuật môi trường. |
| 650 | # | # | |a Nước |x Làm sạch. |
| 650 | # | # | |a Xử lý nước thải. |
| 923 | # | # | |a 21/2006 |
| 990 | # | # | |a t.I |
| 991 | # | # | |a GT |
| 992 | # | # | |a 52000 |
| 994 | # | # | |a DLU |
| 900 | # | # | |a True |
| 911 | # | # | |a Đào Thị Thu Huyền |
| 925 | # | # | |a G |
| 926 | # | # | |a A |
| 927 | # | # | |a SH |
| 980 | # | # | |a Thư viện Trường Đại học Đà Lạt |